Normal view
MARC view
Entry Personal Name
001 - CONTROL NUMBER
- control field: 6570
003 - CONTROL NUMBER IDENTIFIER
- control field: BD-RjUL
005 - DATE AND TIME OF LATEST TRANSACTION
- control field: 20230115100941.0
008 - FIXED-LENGTH DATA ELEMENTS
- fixed length control field: 230115|| aca||aabn | a|a d
040 ## - CATALOGING SOURCE
- Original cataloging agency: BD-RjUL
- Transcribing agency: BD-RjUL
100 ## - HEADING--PERSONAL NAME
- Personal name: Dahlavi, Nazir Ahmed دهلوى, نزير احمد
670 ## - SOURCE DATA FOUND
- Source citation: Work cat.: (BD-RjUL)81072: Dahlavi, Nazir Ahmed دهلوى, نزير احمد, اردو كا كلاسيكى ادب : ابن الوقت / ardu ka kilasikaa adab : abn alwaqt /